Plánovacie normatívy v hromadnej výrobe diplomová práca

Saved in:
Bibliographic Details
Main Author: Jurčiová, Lenka
Corporate Author: Fakulta podnikového manažmentu EU. Katedra manažmentu výroby a logistiky - zrušená
Other Authors: Rakovská, Júlia, 1972-
Format: Book
Language:Slovak
Published: Bratislava 2018
Tags: Add Tag
No Tags, Be the first to tag this record!

MARC

LEADER 00000nbm a2200000 4500
001 0244881
005 20181009130203.4
041 0 |a slo 
044 |a SK 
245 1 0 |a Plánovacie normatívy v hromadnej výrobe  |b diplomová práca  |c Lenka Jurčiová ; školiteľ: Júlia Rakovská 
264 1 |a Bratislava  |c 2018 
300 |a 80 s. 
100 1 |a Jurčiová, Lenka 
700 1 |a Rakovská, Júlia, 1972- 
710 2 |a Fakulta podnikového manažmentu EU. Katedra manažmentu výroby a logistiky - zrušená